<?xml version="1.0" encoding="UTF-8"?>
<marc:record xmlns:marc="http://www.loc.gov/MARC21/slim">
   <marc:leader>00000nam a2200000 a 4500</marc:leader>
   <marc:datafield ind1="1" ind2=" " tag="100">
      <marc:subfield code="a">Geßler, Tatjana</marc:subfield>
      <marc:subfield code="4">aut</marc:subfield>
      <marc:subfield code="e">Verfasser/-in</marc:subfield>
   </marc:datafield>
   <marc:datafield ind1=" " ind2=" " tag="653">
      <marc:subfield code="a">Antolin Klasse-4</marc:subfield>
   </marc:datafield>
   <marc:datafield ind1="0" ind2="0" tag="245">
      <marc:subfield code="a">Das verschwundene Fohlen</marc:subfield>
   </marc:datafield>
   <marc:datafield ind1=" " ind2="1" tag="264">
      <marc:subfield code="b">Thiemann</marc:subfield>
      <marc:subfield code="c">2013</marc:subfield>
   </marc:datafield>
   <marc:datafield ind1="1" ind2=" " tag="490">
      <marc:subfield code="a">Unsere Tierklinik</marc:subfield>
   </marc:datafield>
   <marc:datafield ind1="1" ind2=" " tag="520">
      <marc:subfield code="a">Maries größter Traum ist es, Tierärztin zu werden. Tierbabys mit der Flasche aufpäppeln, Verbände anlegen, Fieber messen - bei ihrem Vater in der Tierklinik ist Marie schon jetzt unverzichtbar. Nach der dramatischen Geburt liegt das Fohlen leblos im Stroh. Zum Glück weiß Marie, was zu tun ist und kann das Kleine retten. Doch die Gefahr ist noch nicht vorüber, denn plötzlich verschwindet auf dem Gestüt ein teures Turnierpferd nach dem anderen. So hatten sich Marie und ihre Freunde die Ferien an der Ostsee nicht vorgestellt. Als trotz aller Schutzmaßnahmen auch das Fohlen weg ist, brechen die Kinder zu einer Befreiungsaktion auf. Alle Spuren führen zum gruseligen Teufelsfratzen-Hof.</marc:subfield>
   </marc:datafield>
   <marc:datafield ind1=" " ind2=" " tag="020">
      <marc:subfield code="a">9783522503723</marc:subfield>
      <marc:subfield code="9">9783522503723</marc:subfield>
   </marc:datafield>
</marc:record>
